000 00762nam a2200241Ia 4500
003 GCL
008 140319s9999 xx 000 0 ara d
040 _aGCL /
_cGCL
082 0 4 _a910.132
_bب ج
100 1 _aبريسكوت، ج . ر . ف
245 1 0 _aالجغرافيا السياسية للمحيطات /
_cبريسكوت، ج . ر . ف
700 1 _aمحمد على الأعور
700 1 _aابراهيم عبدالعزيز عمر
300 _a231
490 _aكتاب
_v0
650 0 4 _aالجغرافيا
650 0 4 _aالبحار والمحيطات
650 0 4 _aالحدود السياسية
650 0 4 _aالجغرافيا السياسية
650 0 4 _aالمياه الاقليمية
650 0 4 _aالصيد
942 _2ddc
_cBK
999 _c41369
_d41369